| 000 | 00000nas 2200000za 4500 |
| 001 | 9.828982 |
| 003 | CaOODSP |
| 005 | 20221107145157 |
| 007 | cr ||||||||||| |
| 008 | 161212d19982004onc x m o f0###a0eng|d |
| 040 | |aCaOODSP|beng |
| 043 | |an-cn--- |
| 086 | 1 |aYM32-5E-pdf |
| 130 | 0 |aIn brief (Canada. Parliamentary Research Branch : Online) |
| 245 | 10|aIn brief |h[electronic resource] / |cParliamentary Research Branch. |
| 260 | |a[Ottawa] : |bLibrary of Parliament,|c1998-2004. |
| 310 | |aIrregular. |
| 500 | |aIssued also in French under title: En bref (Canada. Direction de la recherche parlementaire : En ligne). |
| 500 | |aDescription based on: PRB 00-25E. |
| 500 | |aContinued by: In brief (Canada. Parliamentary Information and Research Service : Online) |
| 520 | |aShort briefings on current issues that may refer the reader to more substantive sources published on the same topic. |
| 692 | 07|2gccst|aResearch |
| 710 | 1 |aCanada.|bLibrary of Parliament. |bParliamentary Research Branch. |
| 775 | 08|tEn bref |w(CaOODSP)9.829002 |
| 785 | 00|tIn brief |w(CaOODSP)9.504914 |